Konsolidovaná účtovná závierka v kontexte Medzinárodných účtovných štandardov pre verejný sektor diplomová práca

Enregistré dans:
Détails bibliographiques
Auteur principal: Vimpeľová, Jana
Collectivité auteur: Fakulta hospodárskej informatiky EU. Katedra účtovníctva a audítorstva
Autres auteurs: Kovalčíková, Antónia
Format: Livre
Langue:slovaque
Publié: Bratislava 2015
Tags: Ajouter un tag
Pas de tags, Soyez le premier à ajouter un tag!

MARC

LEADER 00000nbm a2200000 4500
001 0203504
005 20161212112615.9
041 0 |a slo 
044 |a SK 
245 1 0 |a Konsolidovaná účtovná závierka v kontexte Medzinárodných účtovných štandardov pre verejný sektor  |b diplomová práca  |c Jana Vimpeľová ; školiteľ: Antónia Kovalčíková 
264 1 |a Bratislava  |c 2015 
300 |a 82 s. 
100 1 |a Vimpeľová, Jana 
700 1 |a Kovalčíková, Antónia 
710 2 |a Fakulta hospodárskej informatiky EU. Katedra účtovníctva a audítorstva